| 000 | 00544nam a22001817a 4500 | ||
|---|---|---|---|
| 005 | 20251108171802.0 | ||
| 008 | 250721s1981 xx 000 0 ara d | ||
| 082 | 1 | 4 | _aط/621.384/غود |
| 100 | 1 | _aغودال، ف.ج. | |
| 245 | 1 | 0 | _aقصة الراديو / |
| 264 | 1 |
_aبيروت : _bمكتبة لبنان، _c1981. |
|
| 300 | _a50ص : مص | ||
| 490 | 0 | _aسلسلة الإنجازات الحضارية ؛ 3 | |
| 650 | 1 | 7 | _aالراديو |
| 700 | 1 |
_aجويحاتي، سعد الله _eترجمة |
|
| 942 |
_2ddc _cBK |
||
| 999 |
_c62448 _d62448 |
||